Oils and oilseeds economy of India : An econometric analysis (Record no. 17545)
[ view plain ]
| 000 -LEADER | |
|---|---|
| fixed length control field | 00352nam a2200133Ia 4500 |
| 082 ## - DEWEY DECIMAL CLASSIFICATION NUMBER | |
| Classification number | TN.0068 |
| 100 ## - MAIN ENTRY--AUTHOR NAME | |
| Personal name | Narappanavar, S.R. |
| 245 #0 - TITLE STATEMENT | |
| Title | Oils and oilseeds economy of India : An econometric analysis |
| 250 ## - EDITION STATEMENT | |
| Edition statement | Gujarat University |
| 260 ## - PUBLICATION, DISTRIBUTION, ETC. (IMPRINT) | |
| Year of publication | 1984 |
| 300 ## - PHYSICAL DESCRIPTION | |
| Number of Pages | 293p. + C D - 41 |
| 942 ## - ADDED ENTRY ELEMENTS (KOHA) | |
| Koha item type | Books |
| Withdrawn status | Lost status | Damaged status | Not for loan | Home library | Current library | Date acquired | Bill Date | Full call number | Accession Number | Price effective from | Koha item type |
|---|---|---|---|---|---|---|---|---|---|---|---|
| NASSDOC Library | NASSDOC Library | 08/10/2004 | 2004-10-22 | TN.0068 | 19812 | 18/04/2019 | Books |
